Club gagnant de la ligue des champions - Statistiques

Statistiques générales
  • Ce quiz a été pris 136 fois
    98 depuis la dernière actualisation
  • Le résultat moyen est 17 sur 24
Statistiques - réponses
Nombres Pays Clubs % Correct
1 France PSG Paris
100%
15 Espagne Real Madrid
96%
5 Espagne FC Barcelone
94%
7 Italie AC Milan
93%
1 Royaume-uni Manchester city
92%
1 France Olympique de Marseille
92%
6 Allemagne Bayern Munich
90%
3 Italie Inter Milan
90%
6 Royaume-uni Liverpool
89%
4 Pays-bas Ajax
88%
3 Royaume-uni Manchester United
88%
2 Royaume-uni Chelsea
82%
2 Italie Juventus
81%
2 Portugal Porto
79%
1 Allemagne Borussia Dortmund
78%
2 Portugal Benfica
72%
1 Royaume-uni Aston Villa
53%
2 Royaume-uni Nottingham Forest
49%
1 Allemagne Hambourg
46%
1 Roumanie Steaua Bucarest
42%
1 Bulgarie Étoile Rouge de Belgrade
38%
1 Pays-Bas Feyenoord
29%
1 Royaume-uni Celtic
28%
1 Royaume-uni PSV Eindhoven
25%
Aucun quiz correspondant
Distribution des résultats
% des personnes avec chaque résultat
Percentile par nombre de réponses
Votre historique - résultats
Vous n’avez pas pris ce quiz depuis la dernière actualisation